000 05053cam a2200397 i 4500
001 18892515
003 LC
005 20170213165444.0
008 151211s2016 cau 001 0 eng
010 _a 2015038419
020 _a9781119104247 (paperback)
040 _aDLC
_beng
_cDLC
_erda
_dDLC
042 _apcc
050 0 0 _aLB1050
_b.L44 2016
082 0 0 _a372.4
084 _aEDU029020
_2bisacsh
100 1 _aLemov, Doug,
_d1967-
_eauthor.
245 1 0 _aReading reconsidered :
_ba practical guide to rigorous literacy instruction /
_cDoug Lemov, Colleen Driggs, Erica Woolway.
250 _aFirst Edition.
260 _aSan Francisco, CA
_bJossey-Bas
_c2016
300 _axxii, 416 pages :
_billustrations (some color) ;
_c24 cm +
_e1 computer optical disc (4 3/4 in.)
500 _aIncludes index.
505 8 _aMachine generated contents note: Video Contents Acknowledgments The Authors About Uncommon Schools Introduction Part 1 The Core of the Core 1 Text Selection Module 1.1 The Decline of the Canon Module 1.2 Text Attributes and Leveling Systems Module 1.3 The Five Plagues of the Developing Reader Module 1.4 Book Choice Module 1.5 Managing Selection 2 Close Reading Module 2.1 Layered Reading Module 2.2 Establish Meaning Via Text-Dependent Questions Module 2.3 Rigorous and Text-Focused Analyzing of Meaning Module 2.4 Processing Ideas and Insights in Writing, and the Power of Clear Focus Module 2.5 Close Reading Bursts 3 Reading Non-Fiction and Other Thoughts on Building Background Knowledge Module 3.1 The Key Challenge: Background Knowledge Module 3.2 Absorption Rate Module 3.3 Embedding Texts to Increase Absorption Rate and Build Background Knowledge Module 3.4 Other Ways to Build Background Knowledge Module 3.5 Two Challenges of Non-Fiction Conventions 4 Writing for Reading Module 4.1 Reading Class Cycles Module 4.2 Writing is Revising Module 4.3 Art of the Sentence Module 4.4 Building Stamina Module 4.5 Accountability: Stack Audit Part 2 The Fundamentals 5 Approaches to Reading: Reading More, Reading Better Module 5.1 Approaches to Reading Module 5.2 Accountable Independent Reading (AIR) Module 5.3 Control the Game Module 5.4 Read Aloud 6 Vocabulary Instruction: Breadth and Depth Module 6.1 Explicit and Implicit Instruction Compared Module 6.2 Explicit Instruction: The Daily Word Roll Out to Achieve Deep Word Knowledge Module 6.3 Implicit Vocabulary Instruction: Building Vocabulary During Reading Module 6.4 Maintenance and Extension 7 Reading Systems Module 7.1 Interactive Reading: An Overview Module 7.2 Phases of Implementation: Roll Out, Model, Prompting, Autonomy Module 7.3 Interactive Reading System: How to Mark Up a Text (And What to Mark) Module 7.4 Discussion Systems: Laying the Groundwork for Habits of Discussion Module 7.5 Discussion Systems: Beyond the Groundwork 8 Intellectual Autonomy Module 8.1 Frameworks for Interpretation Module 8.2 Tier Three Vocabulary Requisite Module 8.3 Phases of Development Module 8.4 Autonomous Writing Structures Module 8.5 Autonomous Discussion Structures Appendix Notes Index How to Access the Video Contents How to Use the DVD More Ways to Engage and Learn with the Teach Like a Champion Team .
520 _a"In the 2010 article "Building a Better Teacher"--the article that "launched" Teach Like a Champion, journalist Elizabeth Green compared two schools of thought--one that teaching skills were the most important driver of classroom learning, the other that content knowledge was the true driver. Some readers saw a conflict between these two perspectives. The authors of Reading Reconsidered have always thought that the answer was more complex: that technique was irreplaceable and helped teachers maximize the application of their subject knowledge but there was also no substitute for content knowledge. Moreover, they believed, there were in fact techniques specific to each of the content areas that drive results and could be delineated and learned like the general techniques in Teach Like a Champion. Reading Reconsidered is the authors' first effort to take on the challenge of defining subject specific methods. It is an anxious time for many teachers but also a time of great opportunity. This book will provide a road map from confusion to success"--
650 0 _aReading.
650 0 _aReading comprehension.
650 0 _aLanguage arts
_xCorrelation with content subjects.
650 7 _aEDUCATION / Teaching Methods & Materials / Reading & Phonics.
_2bisacsh
700 1 _aDriggs, Colleen,
_eauthor.
700 1 _aWoolway, Erica,
_d1979-
_eauthor.
776 0 8 _iOnline version:
_aLemov, Doug, 1967- author.
_tReading reconsidered
_dSan Francisco, CA : Jossey-Bass & Pfeiffer Imprints, Wiley, 2016
_z9781119104346
_w(DLC) 2015049348
856 4 2 _3Cover image
_uhttp://catalogimages.wiley.com/images/db/jimages/9781119104247.jpg
906 _a7
_bcbc
_corignew
_d1
_eecip
_f20
_gy-gencatlg
942 _2lcc
_cBK
999 _c306693
_d306693